000 00736nam a2200289Ia 4500
005 20260324123202.0
008 008 260324s9999 xx 000 0 eng d
020 _a9780203097144
037 _aEBOOK
040 _aCRL
040 _beng
040 _cCRL
041 _2eng
041 _aeng
084 _qCRL
100 _aRoberta Capello; Grzegorz Gorzelak; Agnieszka Olechnicka
_91169356
245 0 _aUniversities, Cities and Regions
245 0 _bLoci for Knowledge and Innovation Creation
260 _bTaylor and Francis
260 _c2012
365 _a
365 _b290
856 _uhttp://www.taylorfrancis.com/books/9780203097144
942 _cEBOOK
999 _c1762651
_d1762651